00419pab a2200145 454500008004000000100002000040245004200060260000900102300001200111362000800123650003900131650005600170650003100226773001600257180718b1999 xxu||||| |||| 00| 0 eng d aSharma, Kamlesh aWomen in panchayats of Madhya Pradesh c1999 ap.33-35 aMar aPanchayat - India - Madhya Pradesh aWomen in rural development - India - Madhya Pradesh aWomen in rural development aKurukshetra